000 00640nam a2200229Ia 4500
003 OSt
005 20220928122942.0
006 a|||||r|||| 00| 0
007 ta
008 220927b |||||||| |||| 00| 0 eng d
024 _a35359
037 _cTextual
040 _aSDCL
_cSDCL
_beng
041 _2eng
_aeng
082 _aQ3, L6
100 _aBhttacharyya Narendra Nath
_9459640
245 0 _aJain philosophy
_bHistorical outline.
260 _aNew Delhi
_bMunshilal Manoharlal Publishers
_c1976
300 _axix,220p.
_ccm.
942 _hQ3, L6
_cTEXL
_2CC
999 _c772954
_d772954